| 000 | 00697nam a22002177a 4500 | ||
|---|---|---|---|
| 005 | 20160801160801.0 | ||
| 008 | 160801b xxu||||| |||| 00| 0 spa d | ||
| 040 |
_aCO-BoIAVH _cCO-BoIAVH |
||
| 041 | _aspa | ||
| 044 | _ack | ||
| 110 | _aJardín Botánico de Bogotá Jose Celestino Mutis | ||
| 245 | 1 | 0 |
_aProyecto Uso sostenible de los Recursos Vegetales del Distrito Capital y la Región _bGuías Técnicas Especies Nativas |
| 260 |
_a: _b, _c. |
||
| 300 |
_a40 Fichas _c15 x 11 cm |
||
| 650 | 1 | 4 | _aEspecies Vegetales |
| 650 | 1 | 4 | _aUsos |
| 650 | 1 | 4 | _aFamilia especies |
| 650 | 1 | 4 | _aNombres Comunes |
| 650 | 1 | 4 | _aDescripción |
| 942 |
_2ddc _cLIBRO |
||
| 999 |
_c18947 _d18947 |
||